000
00310nam a22001337a 4500
008
170918b xxu||||| |||| 00| 0 eng d
020
_a
0192818635
041
_a
eng
080
_2
_a
7
100
_a
44
101
_a
ART
245
_a
THE OXFORD COMPANION TO THE DECORATIVE ARTS
_c
OSBORNE,H
942
_2
udc
_c
BK
999
_c
27961
_d
27961